Balkan Countries - 1900 - Statistics

General Stats
  • This quiz has been taken 267 times
  • The average score is 6 of 8
Answer Stats
Answer % Correct
Serbia
96%
Greece
91%
Bulgaria
90%
Romania
85%
Montenegro
80%
Ottoman Empire
77%
Austria-Hungary
74%
Russia
39%
No matching quizzes found
Score Distribution
Percent of People with Each Score
Percentile by Number Answered
Your Score History
You have not taken this quiz